LEADER 01110nam a2200289 i 4500 001 000000135555 003 CaOOAMICUS 005 20240403123016.0 008 050308s1975 it u000 u ita u 013 $a108946 040 $aSeMil$bita 100 1 $aBalázs, Béla.$0(OLS)http://semarc/name/55296 240 14$aDer Geist des Films.$0(OLS)http://semarc/title/198202 245 10$aEstetica del film /$cBéla Balázs ; prefazione di Umberto Barbaro. 250 $a2. Ed. 260 $aRoma :$bEditori Riuniti,$c1975. 300 $aXIII, 213 p. ;$c19 cm. 490 0 $aUniversale ;$v81 650 4$aCinema - Estetica.$0(OLS)http://semarc/subject/55384 700 1 $aBarbaro, Umberto.$0(OLS)http://semarc/name/55297 830 0$aUniversale ;$v81.$0(OLS)http://semarc/title/7927 850 $aSeMil 852 $aSeMil$W1$xVenegono$y1$m3M I 32$j89207$B89207$CSeMilBibl$Z2$F93951 $81 961 $aOmaggio: Poma mons. Gianfranco 996 $6245$aEstetica del film$9(OLS)http://semarc/title/198201 996 $6260$aRoma :$bEditori Riuniti$9(OLS)http://semarc/publisher/30240 LEADER 01434nam a2200265 i 4500 001 000000047842 003 CaOOAMICUS 005 20230414125422.0 008 121030s1769 ne u000 u lat u 026 $aatte ils- a-e, teav (3) 1769 (R) 040 $aSeMil$bita 100 1 $aMalebranche, Nicolas : de,$d<1638-1715>.$0(OLS)http://semarc/name/2843 245 10$aTraité de l'infini créé, avec l'explication de la possibilité de la transsubstantiation. Traité de la confession, & de la communion. Par le père Malebranche de l'Oratoire. 260 $aA Amsterdam :$bChez Marc Michel Rey,$c1769. 300 $a[4], LVII, [1], 213, [3] p. ;$c12°. 500 $aSegn.: pg2 *8 2*4 3*8 4*-5*4 6*2(-6*2) A8 B4 C8- D4 E8 F4 G8 H4 I8 K4 L8 M4 N8 O4 P8 Q4 R8 S4 500 $aCors. ; rom. 650 4$aEucaristia.$0(OLS)http://semarc/subject/3487 650 4$aCreazione.$0(OLS)http://semarc/subject/1429 700 1 $aRey, Marc Michel,$c.$0(OLS)http://semarc/name/13707 850 $aSeMil 852 $aSeMil$W1$xVenegono$y1$m2D I 32 FA$j13997$B13997$CSeMilBibl$Z2$F13997 $8I 996 $6245$aTraité de l'infini créé, avec l'explication de la possibilité de la transsubstantiation. Traité de la confession, & de la communion. Par le père Malebranche de l'Oratoire$9(OLS)http://semarc/title/72229 996 $6260$aA Amsterdam :$bChez Marc Michel Rey$9(OLS)http://semarc/publisher/38315